Most Common Last Names in Denmark - Statistics

General Stats
  • This quiz has been taken 290 times
    282 since last reset
  • The average score is 9 of 21
Answer Stats
Hint Answer % Correct
1 Jensen
74%
3 Hansen
72%
5 Andersen
71%
6 Christensen
66%
4 Pedersen
65%
2 Nielsen
62%
7 Larsen
56%
12 Olsen
50%
8 Sørensen
50%
9 Rasmussen
48%
10 Jørgensen
41%
21 Fredericksen
38%
14 Poulsen
36%
11 Madsen
35%
20 Mikkelsen
31%
19 Jakobsen
29%
17 Mortensen
27%
15 Johansen
26%
16 Møller
24%
13 Thomsen
20%
18 Knudsen
14%
No matching quizzes found
Score Distribution
Percent of People with Each Score
Percentile by Number Answered
Your Score History
You have not taken this quiz since the last reset